| 000 | 01972cam a22004454i 4500 | ||
|---|---|---|---|
| 003 | PE-LiUPU | ||
| 005 | 20250731173404.0 | ||
| 008 | 150706s2009 tnu rb 000 0 spa d | ||
| 020 | _a9781602552784 | ||
| 035 | _a(Sirsi) i9781602552784 | ||
| 040 |
_aPE-LiUPU _bspa _cPE-LiUPU _erda |
||
| 049 | _aPRUA | ||
| 082 | 0 | 4 |
_a299.932 _bV648o _223 |
| 100 | 1 |
_aVidal, César, _d1958- _eautor. |
|
| 245 | 1 | 4 |
_aLos orígenes de la nueva era / _cCésar Vidal. |
| 264 | 1 |
_aNashville,Tennessee : _bGrupo Nelson, _c2009. |
|
| 300 |
_a187 páginas ; _c22 centímetros. |
||
| 336 |
_atext _2rdacontent |
||
| 337 |
_aunmediated _2rdamedia |
||
| 338 |
_avolume _2rdacarrier |
||
| 504 | _aIncluye bibliografía. | ||
| 505 | 0 | _aLos rivales -- La Gnosis (I): su descripción -- La Gnosis (II) su origen -- El cristianismo antes del desafío gnóstico -- El enfrentamiento con la Gnosis -- Simón el mago y la Gnosis samaritana -- Pablo de Tarso y la Gnosis (I): Corinto -- Pablo de Tarso y la Gnosis (I): Colosas -- Pedro y Judas frente a la Gnosis -- Pablo de Tarso y la Gnosis (III): las pastorales -- La escuela de Juan y la Gnosis (II): El Apocalipsis -- La escuela de Juan y la Gnosis (III): la primera carta de Juan -- La influencia recíproca -- Lo que Gnosis tomó del cristianismo. Lo que el cristianismo tomó de la Gnosis -- La Gnosis y la Nueva Era. | |
| 526 | _aSEG42 | ||
| 526 | _aSEG41 | ||
| 526 | _aSEG40 | ||
| 526 | _aSEG39 | ||
| 526 | _aP94 | ||
| 526 | _aP87 | ||
| 526 | _aP86 | ||
| 526 | _aP85 | ||
| 526 | _aP77 | ||
| 526 | _aP76 | ||
| 526 | _aP35 | ||
| 650 | 0 | 4 |
_aGnosticismo _xHistoria. |
| 650 | 0 | 4 |
_aCristianismo _ySiglo I-VI. |
| 942 |
_2ddc _cBK |
||
| 949 |
_a299.932 V648o _wDEWEY _c1 _i63246 _lCCODEBUL1 _mBUL _p14.00 _r0 _sY _tBOOK _u2015-7-6 _xTEOLOGIA _o.STAFF. Colección General |
||
| 980 |
_81 _gALBERTO SANCHEZ Responsable de Automatización |
||
| 999 |
_c52247 _d52247 |
||